Statistics for Guess the Phoebe bridgers song with no hints #2

Click here to take the quiz!

General Stats

  • This quiz has been taken 113 times
  • The average score is 121 of 172

Answer Stats

Answer% Correct
i
98%
you
97%
a
96%
the
92%
me
88%
when
84%
and
83%
in
82%
love
82%
my
82%
your
81%
can
78%
do
78%
for
77%
is
77%
to
77%
i'm
74%
know
73%
of
71%
there
70%
am
69%
on
68%
that
68%
us
68%
but
66%
can't
66%
by
64%
think
64%
i've
63%
killer
63%
nothing
63%
all
62%
house
62%
sick
61%
fire
60%
about
59%
there's
59%
even
58%
kiss
58%
myself
58%
sleep
58%
dahmer
57%
every
57%
scared
57%
sometimes
57%
talking
57%
body
56%
couch
56%
head
56%
mind
56%
something
56%
tired
56%
tame
54%
death
53%
given
53%
hair
53%
losing
53%
miss
53%
rotten
53%
alive
52%
breath
52%
chase
52%
hope
52%
keeps
52%
left
52%
machine
52%
next
52%
stupid
52%
sure
52%
waiting
52%
barely
51%
count
51%
harmless
51%
i'd
51%
plug
51%
pull
51%
burned
50%
hungry
50%
playlist
50%
pretty
50%
blood
49%
faking
49%
plus
47%
oh
40%

Score Distribution

Percentile by Number Answered

Percent of People with Each Score

Your Score History

You have not taken this quiz